Welcome to CU Library Online Public Access Catalogue (OPAC)

A return to modesty : (Record no. 7439)

MARC details
000 -LEADER
fixed length control field 01119cam a2200289 a 4500
001 - CONTROL NUMBER
control field 2143069
005 - DATE AND TIME OF LATEST TRANSACTION
control field 20250903084635.0
008 - FIXED-LENGTH DATA ELEMENTS--GENERAL INFORMATION
fixed length control field 980720s1999 nyua b 001 0 eng
020 ## - INTERNATIONAL STANDARD BOOK NUMBER
International Standard Book Number 0684843161
020 ## - INTERNATIONAL STANDARD BOOK NUMBER
International Standard Book Number 9780684843162
050 00 - LIBRARY OF CONGRESS CALL NUMBER
Classification number HQ46
Item number .S523 1999
082 00 - DEWEY DECIMAL CLASSIFICATION NUMBER
Classification number 306.7/082
Edition information 21
100 1# - MAIN ENTRY--PERSONAL NAME
Personal name Shalit, Wendy,
Dates associated with a name 1975-
245 12 - TITLE STATEMENT
Title A return to modesty :
Remainder of title discovering the lost virtue /
Statement of responsibility, etc. Wendy Shalit.
260 ## - PUBLICATION, DISTRIBUTION, ETC.
Place of publication, distribution, etc. New York, NY :
Name of publisher, distributor, etc. Free Press,
Date of publication, distribution, etc. c1999.
300 ## - PHYSICAL DESCRIPTION
Extent 291 p. :
Other physical details ill. ;
Dimensions 25 cm.
650 #0 - SUBJECT ADDED ENTRY--TOPICAL TERM
Topical term or geographic name entry element Sexual ethics for women.
650 #0 - SUBJECT ADDED ENTRY--TOPICAL TERM
Topical term or geographic name entry element Women
General subdivision Sexual behavior.
650 #0 - SUBJECT ADDED ENTRY--TOPICAL TERM
Topical term or geographic name entry element Jewish women
General subdivision Sexual behavior.
650 #0 - SUBJECT ADDED ENTRY--TOPICAL TERM
Topical term or geographic name entry element Women
General subdivision Conduct of life.
650 #0 - SUBJECT ADDED ENTRY--TOPICAL TERM
Topical term or geographic name entry element Modesty.
856 42 - ELECTRONIC LOCATION AND ACCESS
Materials specified Publisher description
Uniform Resource Identifier <a href="http://www.loc.gov/catdir/description/simon031/98030489.html">http://www.loc.gov/catdir/description/simon031/98030489.html</a>
856 41 - ELECTRONIC LOCATION AND ACCESS
Materials specified Table of contents only
Uniform Resource Identifier <a href="http://www.loc.gov/catdir/enhancements/fy0707/98030489-t.html">http://www.loc.gov/catdir/enhancements/fy0707/98030489-t.html</a>
856 42 - ELECTRONIC LOCATION AND ACCESS
Materials specified Contributor biographical information
Uniform Resource Identifier <a href="http://www.loc.gov/catdir/enhancements/fy0707/98030489-b.html">http://www.loc.gov/catdir/enhancements/fy0707/98030489-b.html</a>
856 41 - ELECTRONIC LOCATION AND ACCESS
Materials specified Sample text
Uniform Resource Identifier <a href="http://www.loc.gov/catdir/enhancements/fy0707/98030489-s.html">http://www.loc.gov/catdir/enhancements/fy0707/98030489-s.html</a>
942 ## - ADDED ENTRY ELEMENTS (KOHA)
Source of classification or shelving scheme Library of Congress Classification
Koha item type Books
Suppress in OPAC No
999 ## -
-- 7439
-- 7439
Holdings
Withdrawn status Lost status Source of classification or shelving scheme Damaged status Not for loan Collection Home library Current library Shelving location Date acquired Total checkouts Full call number Barcode Date last seen Copy number Price effective from Koha item type
    Library of Congress Classification     Non-fiction Undergraduate Library (Christ Temple) Undergraduate Library (Christ Temple) General stacks 09/03/2025   HQ46.S523 SHA ulct00004590 09/03/2025 1 09/03/2025 Books
© 2023-2024 Copyright: Central University Libraries. All Rights Reserved | Created by: Mahone Tech Office